Statistics for Asian Coastal Countries

Click here to take the quiz!

General Stats

  • This quiz has been taken 253 times
  • The average score is 32 of 36

Answer Stats

Country% Correct
China
97%
Japan
96%
Cambodia
95%
India
95%
Indonesia
94%
Oman
94%
South Korea
94%
Vietnam
94%
Iran
93%
North Korea
93%
Pakistan
93%
Thailand
93%
Yemen
93%
Israel
92%
Malaysia
92%
Bangladesh
91%
Saudi Arabia
91%
Iraq
90%
Philippines
90%
Singapore
90%
Sri Lanka
89%
Taiwan
89%
Turkey
89%
United Arab Emirates
89%
Myanmar
88%
Qatar
88%
Bahrain
87%
Brunei
86%
Kuwait
86%
Lebanon
86%
East Timor
84%
Jordan
83%
Syria
83%
Maldives
82%
Cyprus
65%
Georgia
63%

Score Distribution

Percentile by Number Answered

Percent of People with Each Score

Your Score History

You have not taken this quiz